000 00474nam a22001817a 4500
003 MPLRDC
005 20220104184113.0
008 210129b ||||| |||| 00| 0 eng d
020 _a983-3914-22-7
082 _a312.91695 DZKJ
100 _a不详
245 _a100个上网必备工具
_c
260 _a马来西亚
_b大众科技出版有限公司
_c2009
300 _bCD一片
490 _a一学就会. 30
650 _a网际网络
942 _cBK
_o312.91695 DZKJ
999 _c62708
_d62698